| 000 | 00930nmm a2200265 a 4500 | ||
|---|---|---|---|
| 001 | ocm0001256962 | ||
| 003 | TR-IsHL | ||
| 005 | 20201028160751.0 | ||
| 008 | 160715s2013 tu tur | ||
| 007 | cr cn | ||
| 035 |
_a1256962 _b(N$T) |
||
| 050 | 0 | 4 |
_aBT127.5 _b.C43 2013 |
| 090 | 0 | 4 |
_aBT127.5 _b.C43 2013 |
| 100 | 1 | _aÇebi, Hakan Yılmaz | |
| 245 | 1 | 0 |
_aYüzyılların sırları: masallar dünyasından uyanış _h[electronic resource] / _cHakan Yılmaz Çebi |
| 260 |
_aİstanbul : _bAnatolia Kitap, _c2013 |
||
| 300 | _a486 p. | ||
| 500 |
_aKaynakça var. _x |
||
| 650 | 4 | _aFelsefe, Psikoloji ve Din | |
| 650 | 4 | _aPhilosophy, Psychology and Religion | |
| 650 | 0 | _aEsrarlı olaylar | |
| 650 | 0 | _aMysterious events | |
| 650 | 7 |
_aBODY, MIND & SPIRIT / Ancient Mysteries & Controversial Knowledge _2bisacsh |
|
| 856 | 4 | 0 | _uhttp://search.ebscohost.com/login.aspx?direct=true&scope=site&db=e011xww&AN=1256962 |
| 999 |
_c13772 _d13772 |
||